| 000 | 00752nac a22001931u 4500 | ||
|---|---|---|---|
| 008 | 100907t xxu||||| |||| 00| 0 eng d | ||
| 020 | _a8121900085 | ||
| 082 |
_a624.17 _bCHA |
||
| 100 |
_aChattopadhyay, D. _918453 |
||
| 245 |
_aFundamentals Of Electric Circuit Theory / _bD. Chattopadhyay ,P.C. Rakshit. |
||
| 250 | _bRevised ed. | ||
| 260 |
_aNew Delhi:[2006]. _bS.Chand and Company LTD, _cc[2006]. |
||
| 300 |
_a499p.: _bill; _c24cm. |
||
| 650 |
_aElectric currents. _918454 |
||
| 650 |
_aElectric engineering. _918455 |
||
| 700 |
_aRakshit ,P.C. _918456 |
||
| 942 |
_cBB _k624.17CHA _2ddc |
||
| 999 |
_c2936 _d2936 |
||